Online Catalogue and eLibrary

Arivuch chothu urimaigal : (Record no. 2552)

MARC details
000 -LEADER
fixed length control field 00226nam a2200097Ia 4500
008 - FIXED-LENGTH DATA ELEMENTS--GENERAL INFORMATION
fixed length control field 240331s9999 xx 000 0 und d
082 ## - DDC Classification
Item Number - Author Mark ABR
100 ## - MAIN ENTRY--PERSONAL NAME
Personal name Abrol, D
245 #0 - TITLE STATEMENT
Title Arivuch chothu urimaigal :
Remainder of title oor vilakkam
942 ## - Koha item type (Biblio)
Koha item type Books in Stacks (Lending)
Holdings
Lost status Damaged status Collection code Home library Current library Shelving location Date acquired Full call number Accession Number Item type
    Lending WERC Library WERC Library Social Science Cupboard 03/31/2024 327.111 ABR 1202 Books in Stacks (Lending)

© WERC Library